Normal view
MARC view
Entry Término temático
001 - NÚMERO DE CONTROL
- campo de control: 557
003 - IDENTIFICADOR DEL NÚMERO DE CONTROL
- campo de control: FranzMayer
005 - FECHA Y HORA DE LA ÚLTIMA TRANSACCIÓN
- campo de control: 20190320202910.0
008 - DATOS DE LONGITUD FIJA
- campo de control de longitud fija: 190320|| aca||aabn | a|a d
040 ## - FUENTE DE LA CATALOGACIÓN
- Centro catalogador/agencia de origen: FranzMayer
- Centro/agencia transcriptor: FranzMayer
150 ## - ENCABEZAMIENTO--TÉRMINO DE MATERIA
- Término de materia o nombre geográfico como elemento de entrada: México
- Subdivisión general: Historia
- Subdivisión cronológica: Guerra de Independencia, 1810-1821
670 ## - FUENTE DE DATOS ENCONTRADOS
- Cita de la fuente: Work cat.: (FranzMayer): Bustamante, Carlos María de 1774-1848 555, Suplemento a la historia de los tres siglos de Méjico del P. Andrés Cavo, 1998